<?xml version="1.0" encoding="UTF-8"?><?xml-stylesheet type="text/xsl" href="static/style.xsl"?><OAI-PMH xmlns="http://www.openarchives.org/OAI/2.0/" xmlns:xsi="http://www.w3.org/2001/XMLSchema-instance" xsi:schemaLocation="http://www.openarchives.org/OAI/2.0/ http://www.openarchives.org/OAI/2.0/OAI-PMH.xsd"><responseDate>2026-06-01T12:19:12Z</responseDate><request verb="GetRecord" identifier="oai:riuma.uma.es:10630/30627" metadataPrefix="marc">https://riuma.uma.es/rest/oai/request</request><GetRecord><record><header><identifier>oai:riuma.uma.es:10630/30627</identifier><datestamp>2026-02-03T10:20:52Z</datestamp><setSpec>com_10630_1685</setSpec><setSpec>col_10630_38055</setSpec></header><metadata><record xmlns="http://www.loc.gov/MARC21/slim" xmlns:dcterms="http://purl.org/dc/terms/" xmlns:doc="http://www.lyncode.com/xoai" xmlns:xsi="http://www.w3.org/2001/XMLSchema-instance" xsi:schemaLocation="http://www.loc.gov/MARC21/slim http://www.loc.gov/standards/marcxml/schema/MARC21slim.xsd">
   <leader>00925njm 22002777a 4500</leader>
   <datafield ind2=" " ind1=" " tag="042">
      <subfield code="a">dc</subfield>
   </datafield>
   <datafield ind2=" " ind1=" " tag="720">
      <subfield code="a">Peña Díaz, Carlos</subfield>
      <subfield code="e">author</subfield>
   </datafield>
   <datafield ind2=" " ind1=" " tag="260">
      <subfield code="c">2024</subfield>
   </datafield>
   <datafield ind2=" " ind1=" " tag="520">
      <subfield code="a">En el ámbito académico, es común que la mayoría de los docentes no tengan la suficiente&#xd;
información sobre las condiciones especiales de sus alumnos, sobre todo si ni siquiera&#xd;
tienen acceso a documentación o informes que detallen esos datos. Esto puede llevar a&#xd;
acarrear problemas a la hora de enseñar a dichos estudiantes las materias&#xd;
correspondientes, desembocando en la frustración tanto de los alumnos, como de los&#xd;
profesores.&#xd;
Con este trabajo final de grado, (TFG), se pretende dar una solución al problema en&#xd;
particular, mejorando el conocimiento de los instructores al tener acceso directo a los&#xd;
informes médicos de los estudiantes a su cargo, los cuales serán actualizados por los&#xd;
doctores titulares de dichos alumnos.&#xd;
Dicho esto, los usuarios capaces de utilizar estas aplicación web podrán ser de cuatro&#xd;
tipos distintos: alumnos, profesores, médicos y administradores, siendo estos últimos&#xd;
los que tengan las funcionalidades más avanzadas para una mayor organización.&#xd;
En cuanto al resto de los usuarios, podrán acceder a la información básica que tenga que&#xd;
ver con su rol, destacando el usuario médico, los cuales podrán incluso cambiar el&#xd;
informe de un alumno a su cargo.</subfield>
   </datafield>
   <datafield ind1="8" ind2=" " tag="024">
      <subfield code="a">https://hdl.handle.net/10630/30627</subfield>
   </datafield>
   <datafield tag="653" ind2=" " ind1=" ">
      <subfield code="a">Administración escolar</subfield>
   </datafield>
   <datafield tag="653" ind2=" " ind1=" ">
      <subfield code="a">Educación especial - Gestión - Informática</subfield>
   </datafield>
   <datafield tag="653" ind2=" " ind1=" ">
      <subfield code="a">Informática - Trabajos Fin de Grado</subfield>
   </datafield>
   <datafield tag="653" ind2=" " ind1=" ">
      <subfield code="a">Grado en Ingeniería del Software - Trabajos Fin de Grado</subfield>
   </datafield>
   <datafield ind2="0" ind1="0" tag="245">
      <subfield code="a">Gestión de la diversidad</subfield>
   </datafield>
</record>
</metadata></record></GetRecord></OAI-PMH>